Quizzes
Events
Quiz Creation
Community
Videos
Private Events
Remove Ads
Sign In
Join for FREE
Feedback
Dark Mode
Quiz Categories
Sports
Geography
Music
Movies
Television
Just For Fun
Miscellaneous
History
Literature
Language
Science
Gaming
Entertainment
Religion
Holiday
For Kids
Quiz Lab
Recent
Popular Today
Quiz Kudos Today
Editor Picks
Curator Picks
Quizzes by...
Day
Popularity
Type
Ratings
Length
Year
Community
Subscriptions
Recent Discussions
Orange Saloon
Badges
Playlists
Quests
Create
Leaderboards
Showdown
Live 5
Trivia Bingo
Activity
Puzzle Library
Sporcle Events
Private Events
Virtual Trivia
Globe League
Become a Host
Pub Owners
SporcleCon
Opinionation
Our Games
Videos
Blog
Mobile Apps
Partnerships
Remove Ads and Go Orange
Feedback
Music
Pop Music
The Beatles
Song
Album
Lyrics
Bands
Singers
Artist
Clip
Rock
Rap
Classical
Billboard
Country Music
Kpop
Taylor Swift
Music
Pop Music
The Beatles
Song
Album
Lyrics
Bands
Singers
Artist
Clip
Rock
Rap
Classical
Billboard
Country Music
Kpop
Taylor Swift
Random Quiz
Search Sporcle
×
Quiz Lab
Quiz Lab
Music
Disney
Type in answers that appear in a list
Type in answers that appear in a list
Classic
Best Score? Go Orange.
Disney Movie Soundtracks Stats
Can you name all of the Songs in these Disney Movie Soundtracks?
By
zilayvette
20m
121 Questions
241 Plays
241 Plays
241 Plays
Comments
Comments
Give Quiz Kudos
Give Quiz Kudos
-
- Ratings
hide this ad
Replay
Link that replays current quiz
Next Quiz
Link to next quiz in quiz playlist
You Got
0%
They Got
Avg Score
21%
Avg Friend Score
Upgrade to see
Score Distribution
Jump to the score distribution portion of the page
Score
0/121
Timer
20:00
0
Plays Today
Movie
Song
% Correct
Beauty and the Beast (1991)
Beauty and the Beast
77.6%
Beauty and the Beast (1991)
Beauty and the Beast (Celine Dion & Peabo Bryson)
77.6%
Beauty and the Beast (1991)
Beauty and the Beast (Jordin and the Beast)
77.6%
Beauty and the Beast (1991)
Belle
70.1%
Beauty and the Beast (1991)
Be Our Guest
67.2%
Moana
How Far I'll Go
66%
Moana
How Far I'll Go (Alessia Cara)
66%
Beauty and the Beast (1991)
Gaston
66%
Moana
You're Welcome
61.8%
Moana
You're Welcome (feat. Lin Manuel Miranda)
61.8%
Hercules
Zero to Hero
58.1%
Beauty and the Beast (1991)
Something There
57.3%
Hercules
Go the Distance
52.3%
Hercules
Go the Distance (Single)
52.3%
Hercules
I Won't Say (I'm In Love)
51%
The Jungle Book (1997)
The Bare Necessities
49.8%
The Nightmare Before Christmas
This is Halloween
48.5%
Beauty and the Beast (1991)
The Mob Song
48.5%
The Jungle Book (1997)
I Wan'na Be Like You (The Monkey Song)
47.3%
Moana
Shiny
45.2%
The Nightmare Before Christmas
What's This
44%
Moana
I Am Moana (Song of the Ancestors)
43.2%
Hercules
The Gospel Truth I
39.8%
Moana
Where You Are
36.9%
Moana
We Know the Way
35.7%
Moana
We Know the Way (Finale)
35.7%
The Jungle Book (1997)
Trust In Me (The Python's Song)
34.9%
Hercules
One Last Hope
31.5%
Beauty and the Beast (1991)
Belle (Reprise)
31.5%
Hercules
A Star Is Born
30.7%
Hercules
A True Hero
30.7%
The Nightmare Before Christmas
Opening
29%
Hercules
The Gospel Truth II
29%
Hercules
The Gospel Truth III
27.4%
The Nightmare Before Christmas
Sally's Song
24.9%
Moana
Prologue
24.5%
Beauty and the Beast (1991)
Prologue
24.5%
The Jungle Book (1997)
That's What Friends Are For (The Vulture Song)
24.1%
The Nightmare Before Christmas
Jack's Lament
23.7%
The Jungle Book (1997)
My Own Home (Jungle Book Theme)
22.8%
Beauty and the Beast (1991)
Gaston (Reprise)
21.6%
Movie
Song
% Correct
The Jungle Book (1997)
Colonel Hathi's March (The Elephant Song)
20.3%
The Nightmare Before Christmas
Finale
18.7%
Moana
Know Who You Are
18.7%
Moana
An Innocent Warrior
17.8%
Moana
How Far I'll Go (Reprise)
17.8%
The Nightmare Before Christmas
Kidnap The Sandy Claws
16.6%
The Nightmare Before Christmas
Oogie Boogie's Song
16.6%
Beauty and the Beast (1991)
Transformation
16.6%
The Nightmare Before Christmas
Making Christmas
15.8%
Beauty and the Beast (1991)
West Wing
15.8%
Hercules
Go the Distance (Reprise)
14.1%
Moana
Logo Te Pate
13.3%
The Nightmare Before Christmas
Overture
12.9%
Moana
Tulou Tagaloa
12.9%
The Jungle Book (1997)
Overture - Jungle Book
12.9%
Hercules
Long Ago... (Spoken Word)
12.4%
Beauty and the Beast (1991)
To the Fair
12%
Beauty and the Beast (1991)
The Beast Lets Belle Go
11.6%
The Nightmare Before Christmas
Poor Jack
10.8%
The Nightmare Before Christmas
Town Meeting Song
10.4%
The Nightmare Before Christmas
Jack's Obsession
10.4%
Beauty and the Beast (1991)
Battle On the Tower
10.4%
The Nightmare Before Christmas
Closing
10%
Moana
Wayfinding
10%
Moana
Te Fiti Restored
10%
Hercules
Oh Mighty Zeus
10%
Hercules
The Big Olive
10%
Moana
Kakamora
9.5%
Hercules
Meg's Garden
9.5%
Moana
Cavern
9.1%
Moana
Hand of a God
9.1%
Hercules
Phil's Island
9.1%
Hercules
The Hydra Battle
9.1%
Moana
He Was You
8.7%
Moana
Village Crazy Lady
8.7%
Moana
The Ocean Chose You
8.7%
Moana
The Hook
8.7%
Moana
Battle of Wills
8.7%
Moana
Climbing
8.7%
Moana
Great Escape
8.7%
Moana
If I Were the Ocean
8.7%
Movie
Song
% Correct
Moana
Te Ka Attacks
8.7%
Moana
Maui Leaves
8.7%
Moana
Heartache
8.7%
Moana
Shiny Heart
8.7%
Moana
Tala's Deathbed
8.3%
Moana
Tamatoa's Lair
8.3%
Moana
Sails to Te Fiti
8.3%
Moana
Tala Returns
8.3%
Moana
Voyager Tagaloa
8.3%
Moana
The Return to Voyaging
8.3%
The Nightmare Before Christmas
Doctor Finkelstein
7.9%
The Nightmare Before Christmas
Christmas Eve Montage
7.9%
Moana
Toe Feiloa'i
7.9%
Moana
Navigating Home
7.9%
Hercules
Speak of the Devil
7.9%
Hercules
Hercules' Villa
7.9%
The Jungle Book (1997)
Colonel Hathi's March (Reprise)
7.9%
The Jungle Book (1997)
The Bare Necessities (Reprise)
7.9%
Hercules
All Time Chump
7.5%
Hercules
Cutting the Thread
7.5%
The Nightmare Before Christmas
Jack and Sally Montage
7.1%
The Nightmare Before Christmas
End Credit's
7.1%
Hercules
Destruction of the Agora
7.1%
Hercules
Rodeo
7.1%
Hercules
The Prophecy
6.6%
The Jungle Book (1997)
Jungle Beat
6.6%
The Jungle Book (1997)
Poor Bear
6.6%
The Jungle Book (1997)
Baby
6.2%
The Jungle Book (1997)
Tell Him
6.2%
The Nightmare Before Christmas
To The Rescue
5.8%
The Jungle Book (1997)
Monkey Chase
5.8%
The Jungle Book (1997)
What'cha Wanna Do
5.8%
The Jungle Book (1997)
Tiger Fight
5.8%
The Jungle Book (1997)
Interview With the Sherman Brothers
5.4%
The Jungle Book (1997)
Baloo's Blues
5.4%
The Jungle Book (1997)
It's a Kick
5.4%
The Jungle Book (1997)
Brothers All (Demo)
5.4%
The Jungle Book (1997)
The Song of the Seeonee (Demo)
5.4%
The Nightmare Before Christmas
Napped
2.9%
Quiz Playlist
Details
Report
Send in Message
Add To Playlist
Classic:
Type in answers that appear in a list
Last Updated: Jul 6, 2017
Quiz Scoreboard
CHALLENGE
Sign Up to Join the Scoreboard
Show All
Scores
Hide
Comments
May contain spoilers
Recently Published
College Basketball Coaching Resumes
by pancakes188
Sports
9m
Billboard Blitz: Fleetwood Mac
by CooCooCachoo
Music
15s
Presidents Visiting Landmarks
by Hejman
History
7m
More to Explore
Quiz From the Vault
Featured Blog Post
Where Did the Easter Bunny Come From?
hide this ad
You Might Also Like...
Tags
Disney Quiz
Animated Movie
Beauty and the Beast
Disney Films
Disney Princess
Disney Songs
Hercules
Jungle Book
Moana
soundtrack
Walt Disney
Today's Top Quizzes in Music
Browse Music
hide this ad
Today's Top Quizzes in Disney
Browse Disney
Top Contributed Quizzes in Music
1
Taylor Swift All Songs (2024)
2
7-to-1: Billboard Hot 100 #1 Hits of 2010s
3
Guess the Artist- 70s Songs
4
Sorting Albums and Songs
5
Taylor Swift Logic Puzzle
6
KPOP LOGIC QUIZ
7
Guess the Taylor Swift song (Mystery Song)
8
2010s Album by Cover III
9
One Thing in Common: Music
10
Guess The Taylor Swift Lyrics Song #1
Explore More
Trending Topics
Marvel
Harry Potter
Crossword
NBA
Disney
Kpop
Anime
WWE
Song
NFL
Country
Puzzle
Pokémon
The Office
Soccer
hide this ad
More By:
zilayvette
Quiz
Plays
Rating
Category
Featured
Created
Finish the Kpop Song Title
128,054
4.28
Music
Jun 15, 2017
Finish the Kpop Song Title 2
15,491
4.65
Music
Jun 17, 2017
Finish the Kpop Song Title 3
9,204
4.75
Music
Jul 3, 2017
Finish the Kpop Song Title: BTS Edition
8,769
4.87
Music
May 12, 2019
Kpop Logic Puzzle: Kpop Groups
6,561
4.38
Music
Jul 29, 2018
Go to Creator's Profile
Score Distribution
Quiz Creator Spotlight
zilayvette
Follow
Send a Message
Quizzes Created
-
Created Quiz Play Count
-
More By This Creator
Popular Quizzes Today
1
Find the US States - No Outlines Minefield
2
Find the Countries of Europe - No Outlines Minefield
3
The Countries of the World
4
Find the US States
5
Risky Map Clicking: Biggest States A-Z
6
US States
7
Popular People in 1961
8
Movies - When Are They Set?
More Music Quizzes
Rock Artists That Hit #1
Published
Trending Quizzes
Risky Map Clicking: Least Populous States A-Z
1-10 Letter G Words
1-10 Letter F Words
Risky Map Clicking: Next State Alphabetically
Risky Map Clicking: Biggest States A-Z
Recently Updated
Leaping Animals
pecheneg
Reality TV Shows (A-Z)
bhenderson79
Rickey Henderson's Hall of Fame Teammates
pecheneg
Champions League XIs: Arsenal
pecheneg
Quick Pick: Celebrities in WWE's Hall of Fame
aduchscher
A-Z Keypad Blitz II
pecheneg
Multiple Oscar Actors
pecheneg
Mystery Phrase Blitz: Oscar 'Best Actors'
pecheneg
F. Scott Fitzgerald Novels
LTH
Pick 3 Villains
ddd62291
Trending Topics
Marvel
Harry Potter
Anime
Crossword
Disney
NBA
Kpop
Puzzle
NFL
Song
WWE
Pokémon
Soccer
The Office
Country
Your Account Isn't Verified!
In order to create a playlist on Sporcle, you need to verify the email address you used during registration. Go to your
Sporcle Settings
to finish the process.
Report this User
Report this user for behavior that violates our
Community Guidelines
.
Details:
Send Report
Go to the Sporcle.com Mobile Site →
Comments